| 000 | 00692cam a22002172 4500 | ||
|---|---|---|---|
| 001 | 0000000772 | ||
| 005 | 20151217151756.0 | ||
| 008 | 070219s xx 000 0 eng d | ||
| 040 |
_aKABU _cKABU |
||
| 050 | 0 |
_aHD9750 _b.S48W55 1999 |
|
| 100 | 1 |
_aWilliams, Jacqui. _@0000149119 |
|
| 245 | 1 | 4 |
_aThe Locust years : _bfour years with the Moonies / _cJacqui Williams with D. Porter. |
| 260 |
_aLondon : _bHodder & Stoughton, _c1999. |
||
| 300 | _a224 p. | ||
| 600 | 1 | 0 |
_aWilliams, Jacqui. _@0000149119 |
| 650 | 0 |
_aUnificationists _xBiography. _@0000149120 |
|
| 700 | 1 |
_aPorter, D. _@0000149121 |
|
| 908 | _a070219 | ||
| 950 | _@1 | ||
| 999 |
_c4902 _d4902 |
||